000 00598nam a2200229Ia 4500
003 OSt
005 20220924135349.0
006 a|||||r|||| 00| 0
007 ta
008 220923b |||||||| |||| 00| 0 ben d
024 _a290765
037 _cTextual
040 _aARTS
_cARTS
_bben
041 _2ben
_aben
082 _aO142,3M28:g, 157M9
100 _aTolstoy
_9203990
245 0 _aTolstoy
_b Jiban sahitya silpa jagnasa
260 _c1989
650 _aRUSSIAN LITERATURE
_915056
942 _hO142,3M28:g, 157M9
_cTEXL
_2CC
999 _c440438
_d440438